000 00811 a2200229 4500
999 _c3687
_d3687
003 Nust
005 20170105101222.0
008 161124b xxu||||| |||| 00| 0 eng d
020 _a8171694950
020 _a9788171694952
040 _a0
_c0
082 _2338.9
100 1 _aBhandari, R. C. S.
245 1 0 _aState and industrial development :
_binstitutions and incentives in the industrial development of backward regions in india /
_cR. C. S Bhandari.
260 _a[S.l.] :
_bCommonwealth Publishers,
_c1998.
300 _a336 p.
500 _aImport.
500 _aHardcover.
856 4 0 _3Amazon.com
_uhttp://www.amazon.com/exec/obidos/ASIN/8171694950/chopaconline-20
856 4 0 _3Amazon customer reviews
_uhttp://www.chopac.org/cgi-bin/tools/azrev.pl?q=8171694950
942 _cBK
_k338.9 BHA
_2ddc